| 000 | 00610na a2200229 4500 | ||
|---|---|---|---|
| 001 | 15921 | ||
| 003 | MIRAKIL | ||
| 005 | 20181213154729.0 | ||
| 008 | 161108b tu 000 0 | ||
| 020 | _a9759169002 | ||
| 040 |
_aMilas _btur _cTR-AnCHP |
||
| 041 | _atur | ||
| 082 |
_a816 _bN36a 2006 |
||
| 090 | _a816 N36a 2006 | ||
| 100 | _aNeruda, Pablo | ||
| 245 |
_aAşk şiirleri _cPablo Neruda ; yayıma hazırlayan ; Fahri Özdemir |
||
| 260 |
_aİstanbul _bKırmızı yayınları _c2006 |
||
| 300 |
_a146 s. _c19 sm. |
||
| 650 | _aŞili şiiri | ||
| 650 |
_aŞili edebiyatı _xŞiirler |
||
| 942 |
_2ddc _cBKS |
||
| 999 |
_c9 _d9 |
||